Arcidiecézne múzeum Olomouc rekonštrukcia komplexu bývalého kapitulského dekanstva a jeho muzeálna adaptácia

Bibliographic Details
Main Author: Buran, Dušan, 1969- (Author)
Format: Article
Language:Slovak
PhysicalDescription:Fotogr., obr.
ISSN:1335-3268
Subjects:

MARC

LEADER 00000nab a2200000 ar4500
001 vtls008934193
003 SK-MaSNL
005 20260303070604.0
008 070110c2006 xo mr|p|||||||000 b|slo
015 |a SNBRB2007/01  |2 snkbucl 
038 |a SNKBUCL 
040 |a SNKBUCL  |b slo  |c SNKBUCL  |e AACR2 
041 0 |a slo 
044 |a xo  |c SK 
080 |a 727.7:28  |x (437.6)  |2 2001 
100 1 |a Buran, Dušan,  |d 1969-  |4 aut  |9 107711 
245 1 0 |a Arcidiecézne múzeum Olomouc  |b rekonštrukcia komplexu bývalého kapitulského dekanstva a jeho muzeálna adaptácia  |c Dušan Buran 
300 |b Fotogr., obr. 
500 |a Architekti: Petr Hájek, Tomáš Hradečný, Jan Šépka 
610 2 7 |a Arcidiecézne múzeum (Olomouc, Česko)  |x architektúra  |2 snkbucl  |9 1068214 
610 2 7 |a Múzeum umenia (Olomouc, Česko)  |2 snkbucl  |9 1032645 
773 0 |t ARCH  |g Roč. 11, č. 12 (2006), s. 36-39  |x 1335-3268 
852 |a SNK  |b KIS3GCP 
958 |a CZ 
999 |c 1756027  |d 1757957